000 01758nam0a2200337 4500
001 RU\NLR\BIBL_A\022512421
005 20250929162920.0
010 _a978-5-6052897-4-6
_9500
021 _aRU
_bКН-П-25-008284
_9КН-П-25-0814
035 _a(NLR Aleph) 022512421
090 _a13538332
_c13538332
100 _a20250404d2025 k y0rusy50 ca
101 0 _arus
102 _aRU
105 _aa z 000yy
181 0 _ai3
_baxxe
182 0 _an
200 1 _aКонцептуальное формообразование объектов научно-исследовательской и производственной среды
_eмонография
_fЕ. Е. Устяхина, М. В. Таубе, Н. В. Бекк
_gМинистерство науки и высшего образования Российской Федерации, ФГБОУ ВО "Новосибирский государственный университет архитектуры, дизайна и искусств имени А. Д. Крячкова"
203 _aТекст
_bвизуальный
_cнепосредственный
210 _aНовосибирск
_cПИК
_d2025
215 _a72 с.
_cил., табл.
_d21
320 _aБиблиогр.: с. 70-72 (27 назв.)
606 1 _aПульты управления (электр.) диспетчерские
_xПроектирование
_2nlr_sh2
_3RU\NLR\AUTH\6601758565
686 1 _aЗ264.345-02
700 1 _aУстяхина
_bЕ. Е.
701 1 _aТаубе
_bМ. В.
_gМарика Владимировна
701 1 _aБекк
_bН. В.
_gНаталья Викторовна
942 _cBOOK
980 _aNB